Tribhuvan University Central Library

Harvard encyclopedia of American ethnic groups (Record no. 22977)

MARC details
000 -LEADER
fixed length control field 006510000a22002530004500
082 ## - DEWEY DECIMAL CLASSIFICATION NUMBER
Classification number 305.897303
Item number H262
-- AS
020 ## - INTERNATIONAL STANDARD BOOK NUMBER
International Standard Book Number 0-674-37512-2
041 ## - LANGUAGE CODE
Language code of text/sound track or separate title Eng
100 ## - MAIN ENTRY--PERSONAL NAME
Personal name Thernstrom, Ann Orlav, ed.
245 ## - TITLE STATEMENT
Title Harvard encyclopedia of American ethnic groups
260 ## - PUBLICATION, DISTRIBUTION, ETC. (IMPRINT)
Place of publication, distribution, etc London
Name of publisher, distributor, etc Harvard University Press, Great Britain
260 ## - PUBLICATION, DISTRIBUTION, ETC. (IMPRINT)
Date of publication, distribution, etc 1980
300 ## - PHYSICAL DESCRIPTION
Extent xxv, 1076p.
Other physical details illus.
500 ## - GENERAL NOTE
General note Includes bibliography
518 ## - DATE/TIME AND PLACE OF AN EVENT NOTE
Date/time and place of an event note 20001215
530 ## - ADDITIONAL PHYSICAL FORM AVAILABLE NOTE
Additional physical form available note M
650 ## - SUBJECT ADDED ENTRY--TOPICAL TERM
Topical term or geographic name as entry element Ethnic groups
650 ## - SUBJECT ADDED ENTRY--TOPICAL TERM
Topical term or geographic name as entry element Minority groups
650 ## - SUBJECT ADDED ENTRY--TOPICAL TERM
Topical term or geographic name as entry element Ethnicity
650 ## - SUBJECT ADDED ENTRY--TOPICAL TERM
Topical term or geographic name as entry element Ethnic relations
650 ## - SUBJECT ADDED ENTRY--TOPICAL TERM
Topical term or geographic name as entry element Encyclopedias
651 ## - SUBJECT ADDED ENTRY--GEOGRAPHIC NAME
Geographic name United States
942 ## - ADDED ENTRY ELEMENTS (KOHA)
Koha item type General Collections
Holdings
Withdrawn status Lost status Damaged status Not for loan Home library Current library Date acquired Total Checkouts Barcode Date last seen Price effective from
        Tribhuvan University Central Library Tribhuvan University Central Library 06/20/2010   G45381 06/20/2010 06/20/2010